000 00367nam a2200145Ia 4500
008 230917s9999||||xx |||||||||||||| ||und||
040 _e61681
_aMAIN
041 _aEnglish
082 _a820.9 S51C
100 _aSen, Nabaneeta Dev
245 0 _aCounterpoints: Essays in comparative literature
260 _aCalcutta
_bPrajna
_c1985
300 _a160 p.
942 _cBK
999 _c61779
_d61779